| 000 | 00354nam a22001217a 4500 | ||
|---|---|---|---|
| 999 |
_c8550 _d8550 |
||
| 008 | 200317b ||||| |||| 00| 0 eng d | ||
| 100 | _aDr. Padmini Shukla, Dr. Shashi Alok & Dr. Prabodh Shukla | ||
| 245 | _aPharmacognosy and Phytochemistry-I | ||
| 250 |
_a1st _b2019 |
||
| 260 |
_aNew Delhi _bNirali Prakashan |
||
| 650 | _aPharmacognosy | ||
| 942 |
_2ddc _cBK |
||